000 00673nam a2200193Ii 4500
003 JO-AjNU
008 230605s9999||||xx |||||||||||||| ||und||
040 _aJO-AjNU
_bara
_erda
_cJO-AjNU
041 _aara
050 1 4 _aPJ7561.J2 1982
100 3 _aجبرا،جبرا إبراهيم,
_eauthor
_914734
245 0 0 _aالنار والجوهر دراسات في الشعر
264 3 1 _aبيروت:المؤسسة العربية للدراسات والنشر،1982
300 _a192ص
336 _atext
_btxt
_2rdacontent
337 _aunmediated
_bn
_2rdamedia
338 _avolume
_bnc
_2rdacarrier
650 4 _aالشعر العربي حديث-تاريخ ونقد
_914735
999 _aA3999
_c7567
_d7567